000 00470nam a22001817a 4500
005 20260202165228.0
008 260202b |||||||| |||| 00| 0 eng d
020 _a9788199217850
_c1450.00
040 _aMAIN
041 _aEnglish
082 _a001.42
_bKEL
100 _aKelley, Ben K.
_926170
245 _aResearch Methodology And Social Science
260 _aNew Delhi
_bBlackwell Press
_c2026
300 _a280
650 _aUrban Studies
_924652
942 _cBK
999 _c60213
_d60213